Soil : morphology, genesis, and classification /

Guardado en:
Autor Principal: Fanning, D. S. 1931-
Otros Autores: Fanning, Mary Christine Balluff.
Formato: Libro
Idioma:English
Publicado: New York : Wiley, c1989.
Materias:
Etiquetas: Agregar Etiqueta
Sin Etiquetas, Sea el primero en etiquetar este registro!
LEADER 00728pam a2200193 a 4500
001 EEA.libagro010097
005 20181010121506.0
008 881018s1989####nyua#####b####001#0#eng##
020 |a 0471892483 
082 0 0 |a 631.4 
100 1 |a Fanning, D. S.  |q (Delvin Seymour),  |d 1931- 
245 1 0 |a Soil :  |b morphology, genesis, and classification /  |c Delvin Seymour Fanning, Mary Christine Balluff Fanning. 
260 |a New York :  |b Wiley,  |c c1989. 
300 |a xx, 395 p. :  |b il. ;  |c 26 cm. 
504 |a Incluye referencias bibliográficas e índice. 
650 0 |a Clasificación de suelos  |2 agrovoc 
650 0 |a Morfología del suelo  |2 agrovoc 
700 1 |a Fanning, Mary Christine Balluff. 
859 |a AR-BbBCA  |b BIB. AGRONOMIA  |h 631.4  |i F213  |p 1995/2303